000 00782nam a22001937a 4500
999 _c62850
_d62850
003 Ge_BSU
005 20250310121242.0
008 250310s1955 ge ||||| |||| 00| 0 geo d
041 _ageo
080 _a612.3 : 612.821.6 კ-13
100 _aპავლოვი, ი.პ.
_924500
245 _aრჩეული თხზულებანი. [ტ.] 1 /
_cი.პ. პავლოვი.
264 _aთბილისი :
_b საქმედგამი,
_c1955.
300 _a296 გვ. :
_b ილ.;
_c25 სმ.
653 _aფიზიოლოგია
653 _aსაჭმლის მომნელებელი ორგანოების ფიზიოლოგია
653 _aრეფლექსები
942 _2udc
_cᲬᲘᲒᲜᲘ